000 00374nam a2200157Ia 4500
008 230917s9999||||xx |||||||||||||| ||und||
040 _e109269
_aMAIN
041 _aEnglish
082 _a005.133 K13L(6)
100 _aKanetkar, Yashavant P
245 0 _aLet us C
250 _a6th ed.
260 _aNew Delhi
_bBPB Publications
_c2005
300 _a756 p.
942 _cBK
999 _c129709
_d129709